ბათუმის შოთა რუსთაველის სახელმწიფო უნივერსიტეტის ბიბლიოთეკა

წინადადების პარატაქსული კონსტრუქცია ქართულში / (ბიბ.ჩანაწერი № 52736)

000 -ლიდერი
ფიქსირებული სიგრძის საკონტროლო ველი 01392nam a2200301Ia 4500
001 - საკონტროლო ნომერი
საკონტროლო ველი 19762
003 - საკონტროლო ნომრის იდენტიფიკატორი
საკონტროლო ველი GE_BSU
005 - ბოლო ოპერაციის თარიღი და დრო
საკონტროლო ველი 20200420212646.0
008 - ფიქსირებული სიგრძის მონაცემთა ელემენტები - ზოგადი ინფორმაცია
ფიქსირებული სიგრძის საკონტროლო ველი 181216s1995||||ge |||||||||||||| ||geo||
020 ## - წიგნის საერთაშორისო სტანდარტული ნომერი
International Standard Book Number ISBN 5-511-00654-8
040 ## - კატალოგიზაციის წყარო
Transcribing agency GE_BSU
041 ## - ენის კოდი
Language code of text/sound track or separate title geo
080 ## - უნივერსალური ათობითი კლასიფიკაციის ინდექსი
Universal Decimal Classification number 811.353.1'367 ჭ-45
100 ## - მთავარი ჩანაწერი - პიროვნების სახელი
Personal name ჭიკაძე, როინ
9 (RLIN) 7938
245 ## - ცნობა სათაურის შესახებ
Title წინადადების პარატაქსული კონსტრუქცია ქართულში /
Statement of responsibility, etc როინ ჭიკაძე ; რედ. ზურაბ სარჯველაძე
260 ## - გამოქვეყნების, გავრცელების, და სხვა. ცნობები
Place of publication, distribution, etc თბილისი
260 ## - გამოქვეყნების, გავრცელების, და სხვა. ცნობები
Name of publisher, distributor, etc თბილ. უნ-ტის გამ-ბა
260 ## - გამოქვეყნების, გავრცელების, და სხვა. ცნობები
Date of publication, distribution, etc 1995
300 ## - ფიზიკური აღწერა
Extent 195 გვ. ;
Dimensions 2სმ.
300 ## - ფიზიკური აღწერა
Other physical details ბიბლიოგრ.: გვ. 181-186.
504 ## - BIBLIOGRAPHY, ETC. NOTE
Bibliography, etc ბიბლიოგრ. : გვ. 181-186
653 ## - INDEX TERM--UNCONTROLLED
Uncontrolled term ქართული ენა
653 ## - INDEX TERM--UNCONTROLLED
Uncontrolled term წინადადების პარატაქსული კონსტრუქცია ქართულში
700 ## - ADDED ENTRY--PERSONAL NAME
Personal name სარჯველაძე, ზურაბ
Relator term რედაქტორი
9 (RLIN) 7939
710 ## - ADDED ENTRY--CORPORATE NAME
Corporate name or jurisdiction name as entry element თელავის იაკობ გოგებაშვილის სახელმწიფო პედაგოგიური ინსტიტუტი
9 (RLIN) 7940
942 ## - ADDED ENTRY ELEMENTS (KOHA)
Koha item type წიგნი
Source of classification or shelving scheme
ეგზემპლარები
ჩამოწერის სტატუსი დაკარგული ეგზემპლარის სტატუსი კლასიფიკაციის წყარო ან თაროზე გაწყობის სქემა დაზიანების სტატუსი არ გაიცემა მუდმივი მდებარეობა (დაცვის ადგილი) ამჟამინდელი ადგილსამყოფელი თაროზე განთავსების ადგილი შეძენის თარიღი ღირებულება, შესყიდვის ნორმალური ფასი სრული შენახვის შიფრი შტრიხკოდი ბოლო ოპერაციის თარიღი ეგზემპლარის მიმდევრობითი ნომერი (კეტერი?) ფასის ძალაში შესვლის თარიღი ეგზემპლარის სახეობა საჯარო შენიშვნა
          ბათუმის შოთა რუსთაველის სახელმწიფო უნივერსიტეტის მთავარი ბიბლიოთეკა ბათუმის შოთა რუსთაველის სახელმწიფო უნივერსიტეტის მთავარი ბიბლიოთეკა წიგნსაცავი 2018-12-17 2.00 811.353.1'367 ჭ-45 52089 2018-12-17 52089 2018-12-17 წიგნი 2.00 ლ.
          ბათუმის შოთა რუსთაველის სახელმწიფო უნივერსიტეტის მთავარი ბიბლიოთეკა ბათუმის შოთა რუსთაველის სახელმწიფო უნივერსიტეტის მთავარი ბიბლიოთეკა წიგნსაცავი 2018-12-17 2.00 811.353.1'367 ჭ-45 52090 2018-12-17 52090 2018-12-17 წიგნი 2.00 ლ.
          ბათუმის შოთა რუსთაველის სახელმწიფო უნივერსიტეტის მთავარი ბიბლიოთეკა ბათუმის შოთა რუსთაველის სახელმწიფო უნივერსიტეტის მთავარი ბიბლიოთეკა წიგნსაცავი 2018-12-17 2.00 811.353.1'367 ჭ-45 52091 2018-12-17 52091 2018-12-17 წიგნი 2.00 ლ.
          ბათუმის შოთა რუსთაველის სახელმწიფო უნივერსიტეტის მთავარი ბიბლიოთეკა ბათუმის შოთა რუსთაველის სახელმწიფო უნივერსიტეტის მთავარი ბიბლიოთეკა წიგნსაცავი 2018-12-17 2.00 811.353.1'367 ჭ-45 52092 2018-12-17 52092 2018-12-17 წიგნი 2.00 ლ.
          ბათუმის შოთა რუსთაველის სახელმწიფო უნივერსიტეტის მთავარი ბიბლიოთეკა ბათუმის შოთა რუსთაველის სახელმწიფო უნივერსიტეტის მთავარი ბიბლიოთეკა წიგნსაცავი 2018-12-17 2.00 811.353.1'367 ჭ-45 52093 2018-12-17 52093 2018-12-17 წიგნი 2.00 ლ.
          ბათუმის შოთა რუსთაველის სახელმწიფო უნივერსიტეტის მთავარი ბიბლიოთეკა ბათუმის შოთა რუსთაველის სახელმწიფო უნივერსიტეტის მთავარი ბიბლიოთეკა წიგნსაცავი 2018-12-17 2.00 811.353.1'367 ჭ-45 52094 2018-12-17 52094 2018-12-17 წიგნი 2.00 ლ.
          ბათუმის შოთა რუსთაველის სახელმწიფო უნივერსიტეტის მთავარი ბიბლიოთეკა ბათუმის შოთა რუსთაველის სახელმწიფო უნივერსიტეტის მთავარი ბიბლიოთეკა წიგნსაცავი 2018-12-17 2.00 811.353.1'367 ჭ-45 52095 2018-12-17 52095 2018-12-17 წიგნი 2.00 ლ.